Dharma cariyāva / (Record no. 87524)

MARC details
000 -LEADER
fixed length control field 00546cam a22002051 4500
001 - CONTROL NUMBER
control field sa 68017120
003 - CONTROL NUMBER IDENTIFIER
control field DLC
005 - DATE AND TIME OF LATEST TRANSACTION
control field 20260227112700.0
008 - FIXED-LENGTH DATA ELEMENTS--GENERAL INFORMATION
fixed length control field 930224m19659999ce 000 0 sino
010 ## - LIBRARY OF CONGRESS CONTROL NUMBER
LC control number sa 68017120
035 ## - SYSTEM CONTROL NUMBER
System control number (OCoLC)28001567
040 ## - CATALOGING SOURCE
Original cataloging agency DLC
Transcribing agency ICU
Modifying agency WU
-- DLC
042 ## - AUTHENTICATION CODE
Authentication code premarc
050 00 - LIBRARY OF CONGRESS CALL NUMBER
Classification number BJ1289
Item number .S27
100 1# - MAIN ENTRY--PERSONAL NAME
Personal name Saranasekera, R.,
Dates associated with a name 1904-
245 10 - TITLE STATEMENT
Title Dharma cariyāva /
Statement of responsibility, etc. Ār. Saraṇasēkara.
260 ## - PUBLICATION, DISTRIBUTION, ETC.
Place of publication, distribution, etc. [Koḷamba] :
Name of publisher, distributor, etc. Ăm. Ḍī. Gunasēna,
Date of publication, distribution, etc. 1965-
300 ## - PHYSICAL DESCRIPTION
Extent v.
Dimensions 19 cm.
650 #0 - SUBJECT ADDED ENTRY--TOPICAL TERM
Topical term or geographic name entry element Buddhist ethics.

No items available.

Powered by Koha